| 000 | 00988 a2200181 4500 | ||
|---|---|---|---|
| 003 | Nust | ||
| 005 | 20170207153036.0 | ||
| 040 | _cNust | ||
| 082 | _a621.384 | ||
| 100 | _aGlazier E.V.D | ||
| 245 |
_aThe Services textbook Radio _bTransmission and propagation _cE.V.D Glazier and H.R L Lamont |
||
| 260 |
_aLondon _bStationery office _c1958 |
||
| 300 | _a500 | ||
| 505 | _aProperties of Electrical Lines (Page-1) Low-Frequency Transmission Lines (page-29) Reflections in Transmission Lines (Page-53) Transmission Lines for Radio- Frequency (Page-90) Electromagnetic Waves (page-128) Guided Waves (Page-150) Waveguide Components and Techniques (Page-185) Cavity Resonators (Page-231) Principles of Radiation (Page-256) Basic Theory of Aerial Elements and Arrays (Page-282) L.F., M.., and H.F. Aerials (page-330)V.H.F. Aerials (Page-399) Wave Propagation (Page-437) | ||
| 538 | _aAlmirah No.127 Shelf No.5 | ||
| 600 | _aE.V.D Glazier and H.R L Lamont | ||
| 650 | _aTransmission and propagation | ||
| 942 |
_2ddc _cBK |
||
| 999 |
_c178480 _d178480 |
||